000
00246nam a2200097Ia 4500
001
643357
005
20250826153544.0
008
250824s9999 xx 000 0 und d
245
0
_a
FELİCİDAD MUTLULUK ÜLKESİ
_c
JEAN MOLLA
260
_b
GENÇ TİMAŞ
999
_c
643357
_d
643357